| 000 | 00702nam a2200241Ia 4500 | ||
|---|---|---|---|
| 008 | 191130s1995##################000#0#eng## | ||
| 020 | _a9780140188059 | ||
| 040 |
_aACL _cACL |
||
| 082 | _a940.314 KEY | ||
| 100 | _aKeynes, John Maynard | ||
| 245 |
_aThe economic consequences of the peace _cby John Maynard Keynes, created by Robert Lekachman |
||
| 260 |
_aNew York _bPenguin Classics _c1995 |
||
| 300 | _axxxvii, 298 p | ||
| 650 | _aEconomic | ||
| 650 | _aEconomic history | ||
| 650 | _aEurope | ||
| 650 | _aTreaty of Versailles | ||
| 650 | _aWorld War (1914-1918) | ||
| 700 | _aLekachman, Robert | ||
| 990 | _a6b780306ac10000c5a8ea9d22f649ad9 | ||
| 991 | _a182806 | ||
| 999 |
_c407103 _d407103 |
||